00324pab a2200121 454500008004000000100001800040245006800058260000900126300001100135362001100146650002500157773002000182180718b2014 xxu||||| |||| 00| 0 eng d aPawar, Sanjay aThe 50+20 project for the restructuring of management education c2014 ap.3-7. a20 Oct aManagement education aUniversity News